Top 10 global consumer trends for 2016.
| Main Author: | |
|---|---|
| Format: | Book |
| Published: |
London:
Euromonitor International,
2016.
|
| Subjects: |
| LEADER | 00515cam a2200157 7i4500 | ||
|---|---|---|---|
| 001 | 0000033075 | ||
| 005 | 20160114090000.0 | ||
| 090 | 0 | 0 | |a I 658.8342 |b KAS |
| 100 | 1 | 0 | |a Kasriel-Alexander, Daphne |
| 245 | 1 | 0 | |a Top 10 global consumer trends for 2016. |
| 260 | 0 | 0 | |a London: |b Euromonitor International, |c 2016. |
| 300 | # | # | |a 45 pages. |
| 650 | 0 | 0 | |a Consumer behavior |
| 650 | 0 | 0 | |a Consumer -- |x Attitudes |
| 999 | |a 0000037275 |b Book |c Tariffs |e Business Information Centre | ||
| 999 | |a 0000037274 |b Book |c Tariffs |e Business Information Centre | ||